000 01173cam a22003014a 4500
001 12876440
003 ARRUPE
005 20150520170138.0
008 020730s2003 mau b 001 0 eng
010 _a 2002028110
020 _a140510855X (hbk. : alk. paper)
020 _a140510838X (pbk. : alk. paper)
040 _aDLC
_cDLC
_dDLC
042 _apcc
050 0 0 _aQP360.5
_b.B465 2003
082 0 0 _a612.8/2/01
_221
100 1 _aBennett, M. R.
_917904
245 1 0 _aPhilosophical foundations of neuroscience /
_cM.R. Bennett and P.M.S. Hacker.
260 _aMalden, MA :
_bBlackwell Pub.,
_c2003.
300 _axvi, 461 p. ;
_c25 cm.
504 _aIncludes bibliographical references and index.
650 0 _aCognitive neuroscience
_xPhilosophy.
_917801
700 1 _aHacker, P. M. S.
_q(Peter Michael Stephan)
_917905
856 4 1 _3Table of contents
_uhttp://www.loc.gov/catdir/toc/fy044/2002028110.html
906 _a7
_bcbc
_corignew
_d1
_eocip
_f20
_gy-gencatlg
942 _2lcc
_cMONOGRAPH
999 _c122863
_d122863